Library Banner

Mala ko mala ko = (مالا کو مالا کو (سفرنامہ قازقستان / (Record no. 113495)

MARC details
000 -LEADER
fixed length control field 00484nam a22001457a 4500
005 - DATE AND TIME OF LATEST TRANSACTION
control field 20190806113637.0
008 - FIXED-LENGTH DATA ELEMENTS--GENERAL INFORMATION
fixed length control field 190806b ||||| |||| 00| 0 eng d
040 ## - CATALOGING SOURCE
Transcribing agency PK-LaUMT
082 ## - DEWEY DECIMAL CLASSIFICATION NUMBER
Classification number MSC 915.845
Item number YOU-M
100 ## - MAIN ENTRY--PERSONAL NAME
Personal name Younas Mateen = یونس متین
245 ## - TITLE STATEMENT
Title Mala ko mala ko = (مالا کو مالا کو (سفرنامہ قازقستان /
Statement of responsibility, etc by Younas Mateen = یونس متین
260 ## - PUBLICATION, DISTRIBUTION, ETC. (IMPRINT)
Place of publication, distribution, etc Lahore :
Name of publisher, distributor, etc Nazmeena Publication,
Date of publication, distribution, etc 2015
300 ## - PHYSICAL DESCRIPTION
Extent 200 p.
942 ## - ADDED ENTRY ELEMENTS (KOHA)
Koha item type Books
Holdings
Withdrawn status Lost status Damaged status Home library Current library Date acquired Full call number Barcode Date last seen Price effective from Koha item type
      UMT Main Campus UMT Main Campus 2019-08-06 MSC 915.845 YOU-M 112568 2019-08-06 2019-08-06 Books